<?xml version="1.0" encoding="UTF-8"?>
<collection xmlns="http://www.loc.gov/MARC21/slim">
 <record>
  <leader>02352cam a2200517   4500</leader>
  <controlfield tag="001">1133047661</controlfield>
  <controlfield tag="003">DE-627</controlfield>
  <controlfield tag="005">20240802074006.0</controlfield>
  <controlfield tag="007">tu</controlfield>
  <controlfield tag="008">971210s1953    pl |||||      00| ||pol c</controlfield>
  <datafield tag="035" ind1=" " ind2=" ">
   <subfield code="a">(DE-627)1133047661</subfield>
  </datafield>
  <datafield tag="035" ind1=" " ind2=" ">
   <subfield code="a">(DE-576)063047667</subfield>
  </datafield>
  <datafield tag="035" ind1=" " ind2=" ">
   <subfield code="a">(DE-599)BSZ063047667</subfield>
  </datafield>
  <datafield tag="035" ind1=" " ind2=" ">
   <subfield code="a">(OCoLC)45667104</subfield>
  </datafield>
  <datafield tag="035" ind1=" " ind2=" ">
   <subfield code="a">(OCoLC)45667104</subfield>
  </datafield>
  <datafield tag="035" ind1=" " ind2=" ">
   <subfield code="a">(OCoLC)1078748058</subfield>
  </datafield>
  <datafield tag="040" ind1=" " ind2=" ">
   <subfield code="a">DE-627</subfield>
   <subfield code="b">ger</subfield>
   <subfield code="c">DE-627</subfield>
   <subfield code="e">rakwb</subfield>
  </datafield>
  <datafield tag="041" ind1=" " ind2=" ">
   <subfield code="a">pol</subfield>
   <subfield code="b">fre</subfield>
  </datafield>
  <datafield tag="044" ind1=" " ind2=" ">
   <subfield code="c">XA-PL</subfield>
  </datafield>
  <datafield tag="084" ind1=" " ind2=" ">
   <subfield code="a">9,10</subfield>
   <subfield code="2">ssgn</subfield>
  </datafield>
  <datafield tag="084" ind1=" " ind2=" ">
   <subfield code="a">21.70</subfield>
   <subfield code="2">bkl</subfield>
  </datafield>
  <datafield tag="084" ind1=" " ind2=" ">
   <subfield code="a">56.88</subfield>
   <subfield code="2">bkl</subfield>
  </datafield>
  <datafield tag="100" ind1="1" ind2=" ">
   <subfield code="a">Wiliński, Stanisław</subfield>
   <subfield code="0">(DE-588)132793504</subfield>
   <subfield code="0">(DE-627)526972831</subfield>
   <subfield code="0">(DE-576)299417921</subfield>
   <subfield code="4">aut</subfield>
  </datafield>
  <datafield tag="245" ind1="1" ind2="0">
   <subfield code="a">Gotycki kościoł</subfield>
   <subfield code="b">pocysterskiego opactwa paradyskiego w Gościkowie</subfield>
   <subfield code="c">Stanisław Wiliński</subfield>
  </datafield>
  <datafield tag="246" ind1="3" ind2="3">
   <subfield code="a">L' Église gothique de l'ancienne abbaye cistercienne de Paradyż à Gościkowo</subfield>
  </datafield>
  <datafield tag="264" ind1=" " ind2="1">
   <subfield code="a">Poznań</subfield>
   <subfield code="b">Nakł. Poznań. Tow. Przyjacioł Nauk</subfield>
   <subfield code="c">1953</subfield>
  </datafield>
  <datafield tag="300" ind1=" " ind2=" ">
   <subfield code="a">77, XXIV S.</subfield>
   <subfield code="b">Ill.</subfield>
  </datafield>
  <datafield tag="336" ind1=" " ind2=" ">
   <subfield code="a">Text</subfield>
   <subfield code="b">txt</subfield>
   <subfield code="2">rdacontent</subfield>
  </datafield>
  <datafield tag="337" ind1=" " ind2=" ">
   <subfield code="a">ohne Hilfsmittel zu benutzen</subfield>
   <subfield code="b">n</subfield>
   <subfield code="2">rdamedia</subfield>
  </datafield>
  <datafield tag="338" ind1=" " ind2=" ">
   <subfield code="a">Band</subfield>
   <subfield code="b">nc</subfield>
   <subfield code="2">rdacarrier</subfield>
  </datafield>
  <datafield tag="490" ind1="1" ind2=" ">
   <subfield code="a">Prace Komisji Historii Sztuki</subfield>
   <subfield code="v">4,1</subfield>
  </datafield>
  <datafield tag="500" ind1=" " ind2=" ">
   <subfield code="a">Zsfassung in franz. Sprache u.d.T.: L'Église gothique de l'ancienne abbaye cistercienne de Paradyż à Gościkowo</subfield>
  </datafield>
  <datafield tag="583" ind1="1" ind2=" ">
   <subfield code="a">Archivierung prüfen</subfield>
   <subfield code="c">20200919</subfield>
   <subfield code="f">DE-640</subfield>
   <subfield code="z">1</subfield>
   <subfield code="2">pdager</subfield>
  </datafield>
  <datafield tag="583" ind1="1" ind2=" ">
   <subfield code="a">Archivierung/Langzeitarchivierung gewährleistet</subfield>
   <subfield code="f">SSG</subfield>
   <subfield code="x">XA-DE-BW</subfield>
   <subfield code="2">pdager</subfield>
   <subfield code="5">DE-16</subfield>
  </datafield>
  <datafield tag="689" ind1="0" ind2="0">
   <subfield code="d">s</subfield>
   <subfield code="0">(DE-588)4073436-5</subfield>
   <subfield code="0">(DE-627)104791268</subfield>
   <subfield code="0">(DE-576)209190450</subfield>
   <subfield code="a">Kirchenbau</subfield>
   <subfield code="2">gnd</subfield>
  </datafield>
  <datafield tag="689" ind1="0" ind2="1">
   <subfield code="d">s</subfield>
   <subfield code="0">(DE-588)4002851-3</subfield>
   <subfield code="0">(DE-627)104280352</subfield>
   <subfield code="0">(DE-576)208848975</subfield>
   <subfield code="a">Architektur</subfield>
   <subfield code="2">gnd</subfield>
  </datafield>
  <datafield tag="689" ind1="0" ind2=" ">
   <subfield code="5">(DE-627)</subfield>
  </datafield>
  <datafield tag="787" ind1="0" ind2="8">
   <subfield code="i">Rezensiert in</subfield>
   <subfield code="a">Wagner-Rieger, Renate, 1921 - 1980</subfield>
   <subfield code="t">[Rezension von: Stanisław Wiliński, Gotycki Kościół pocysterskiego opactwa paradyskiego w Gościkowie]</subfield>
   <subfield code="d">1960</subfield>
   <subfield code="w">(DE-627)1672834171</subfield>
  </datafield>
  <datafield tag="810" ind1="2" ind2=" ">
   <subfield code="a">Poznańskie Towarzystwo Przyjaciół Nauk</subfield>
   <subfield code="b">Komisja Historii Sztuki</subfield>
   <subfield code="t">Prace Komisji Historii Sztuki</subfield>
   <subfield code="v">4,1</subfield>
   <subfield code="9">4,1</subfield>
   <subfield code="w">(DE-627)130953571</subfield>
   <subfield code="w">(DE-576)016637976</subfield>
   <subfield code="w">(DE-600)1063611-0</subfield>
   <subfield code="x">0079-466X</subfield>
   <subfield code="7">ns</subfield>
  </datafield>
  <datafield tag="936" ind1="b" ind2="k">
   <subfield code="a">21.70</subfield>
   <subfield code="j">Geschichte der Sakralbaukunst</subfield>
   <subfield code="q">ARK</subfield>
   <subfield code="0">(DE-627)106421255</subfield>
  </datafield>
  <datafield tag="936" ind1="b" ind2="k">
   <subfield code="a">56.88</subfield>
   <subfield code="j">Sakralbau</subfield>
   <subfield code="x">Architektur</subfield>
   <subfield code="q">ARK</subfield>
   <subfield code="0">(DE-627)106421204</subfield>
  </datafield>
  <datafield tag="951" ind1=" " ind2=" ">
   <subfield code="a">BO</subfield>
  </datafield>
  <datafield tag="990" ind1=" " ind2=" ">
   <subfield code="a">Kirchenbau</subfield>
  </datafield>
  <datafield tag="990" ind1=" " ind2=" ">
   <subfield code="a">Architektur</subfield>
  </datafield>
  <datafield tag="991" ind1=" " ind2=" ">
   <subfield code="a">Rezensiertes Werk</subfield>
  </datafield>
  <datafield tag="999" ind1=" " ind2=" ">
   <subfield code="a">KXP-PPN1133047661</subfield>
   <subfield code="e">4077386594</subfield>
  </datafield>
 </record>
</collection>
